Statistics for IB knowledge quiz

Click here to take the quiz!

General Stats

  • This quiz has been taken 81 times
  • The average score is 13 of 15

Answer Stats

QuestionAnswer% Correct
John is already doing HL math, how many more HL subjects does he have to do?2
99%
If you received a B for TOK and a C for EE how many extra points can you get?1
97%
How many extra point can you get from TOK and EE?3
97%
What is the maximum points you can obtain in the IB?45
97%
How many groups of subject are there in IB?Six
97%
what does TOK stand for?Theory of knowledge
97%
Can you do 2 science subjects, 1 art subject and drop a humanity subject in IB?Yes
97%
In most subject what is the weighing of the IA on your finale results?20%
93%
How many natural science subjects does IB offer (including Environmental systems and societies)?7
93%
What does IB stand for?International Baccalaureate
93%
What is the word limit for the EE?4000
90%
what is the page limit for most IA?12
79%
What does CAS stand for in IB?Creativity, Activity and Service
76%
During which 2 month of the year does IB final exam happens?May and November
56%
What is the name given to Group 3 subjects by the IB?Individuals and societies
29%

Score Distribution

Percentile by Number Answered

Percent of People with Each Score

Your Score History

You have not taken this quiz